000 00586nam a2200229Ia 4500
003 OSt
005 20220924132740.0
006 a|||||r|||| 00| 0
007 ta
008 220923b |||||||| |||| 00| 0 hin d
024 _a248153
037 _cTextual
040 _aARTS
_cARTS
_bhin
041 _2hin
_ahin
082 _aO151vN5, 152K3
100 _aSankartayan Rahul
_9204924
245 0 _aPali sahitya ka itihas
260 _c1963
650 _aSANSKRIT LITERATURE
942 _hO151vN5, 152K3
_cTEXL
_2CC
999 _c431432
_d431432